Biography: G Quiz Stats

Quiz Updated May 18, 2015

Also try: Biography: F
Challenge
Share
Tweet
Embed
Score 0/20 Timer 06:00
0 Plays Today
Biography Channel Profile 'G' Person % Correct
He founded the world's largest software business, Microsoft, with Paul Allen and became one of the richest men in the world.Bill Gates
94%
He was the political and ideological leader of India. He pioneered mass civil disobedience firmly founded in total nonviolence.Mahatma Gandhi
93.7%
He was an Italian scientist who led the Scientific Revolution, proposing the then controversial idea of Copernicanism, the idea that earth orbits the sun.Galileo Galilei
88.6%
He was the president of the Soviet Union from 1990-91. He was awarded the Nobel Peace Prize for contributing to the breakup of the USSR.Mikhail Gorbachev
83.5%
He was inducted into the Hockey Hall of Fame in 1999. He is considered one of the best hockey players of all time and broke numerous records.Wayne Gretzky
74.4%
He was a Soviet cosmonaut who in 1961 became the first man to travel into space.Yuri Gagarin
71.2%
She is a former professional world No. 1 German tennis player. At age 13, she became the second youngest player ever to earn an international ranking. Steffi Graf
69.8%
He was the lead guitarist, as well as one of the principal vocalists and songwriters, of the psychedelic rock band the Grateful Dead.Jerry Garcia
63.8%
She is a Grammy-Award winning comedienne, an actress, a human rights advocate, and TV host of the daytime talk show 'The View.'Whoopi Goldberg
61.5%
Considered to be the world's foremost expert on chimpanzees, she is best known for her 45-year study of wild chimpanzees in Tanzania.Jane Goodall
60.9%
Biography Channel Profile 'G' Person % Correct
He performed in films from the 1930s through the 1960s. He starred in several Hitchcock films, including the 1959 hit 'North by Northwest.'Cary Grant
60.1%
He is a British singer and songwriter best known for his role as lead vocalist and flautist for the progressive rock group Genesis.Peter Gabriel
58.1%
He is an English actor best known for portraying Ron Weasley in the Harry Potter films.Rupert Grint
55.6%
She is an Arizona congresswoman. She made headlines when she became the victim of an assassination attempt, from which she later recovered.Gabrielle Giffords
49.6%
He is best known as the singer of the band the Boomtown Rats and for his political activism, particularly anti-poverty efforts in Africa.Bob Geldof
45.9%
He founded Motown Records, the most successful black-owned music company in the history of the United States.Berry Gordy, Jr.
42.6%
He was a poet associated with the Beat movement and the writers Jack Kerouac and William Burroughs. His best known work is the poem 'Howl.'Allen Ginsberg
38.7%
He became one of Major League Baseball's first Jewish superstars, while playing for the Detroit Tigers.Hank Greenberg
25.2%
She was the first African American ever invited to play at Wimbledon. She broke barriers for black players in golf too.Althea Gibson
22.3%
An essayist, novelist, poet and artist, he wrote 'The Prophet,' a book of poetic essays that achieved cult status among American youth.Khalil Gibran
21.2%

You're not logged in!

Compare scores with friends on all Sporcle quizzes.
Join for Free
OR
Log In

You Might Also Like...

Show Comments

Extras

Top Quizzes Today


Score Distribution

Your Account Isn't Verified!

In order to create a playlist on Sporcle, you need to verify the email address you used during registration. Go to your Sporcle Settings to finish the process.

Report this User

Report this user for behavior that violates our Community Guidelines.

Details: